| 000 | 00417cam a22001337a 4500 | ||
|---|---|---|---|
| 008 | 180718b1997 xxu||||| |||| 00| 0 eng d | ||
| 082 | _aA81x54 91/15/PT2B | ||
| 100 | _aCensus of India 1991 | ||
| 245 | _aManipur: primary census abstract | ||
| 260 |
_aNew Delhi _bThe Controller of Publications _c1997 |
||
| 300 | _a182+p. | ||
| 440 | _aCensus of India 1991. Series-15, Manipur. Part II-B | ||
| 650 | _aManipur - Census | ||
| 999 |
_c485007 _d485007 |
||